=LDR 00000nam 2200000 4500 =001 INLIS000000000044735 =005 20131008110640 =008 ***********************************Ind** =035 ##$$a0010-101300000002657 =041 ##$$a Ind =082 ##$$a 658.401.2 =090 ##$$a 658.401.2, Sup a =100 ##$$a Supratikno, Hendrawan =245 ##$$a Advanced Strategic Management : Back To Basic Approach, Hendrawan Supratikno =260 ##$$a 2005 $b Jakarta =300 ##$$a VII, 104 Hlm ; 23 Cm =850 ##$$a NNT-CD =990 ##$$a 21195414/BPAP-NTB/2014 =990 ##$$a 53265326 =990 ##$$a 01201805326 =990 ##$$a 21195414/BPAP-NTB/2014 =990 ##$$a 21195414/BPAP-NTB/2014 =990 ##$$a 01201805326 =990 ##$$a 16091609 =990 ##$$a 21105855 =990 ##$$a 21195414/BPAP-NTB/2014 =990 ##$$a 01201901609